000 00948nam a2200265Ia 4500
003 OSt
005 20221005111750.0
006 a|||||r|||| 00| 0
007 ta
008 221004b |||||||| |||| 00| 0 hin d
020 _cIndian Rupees 100
024 _a28416
037 _bGift, 09/02/2017,
_cTextual
040 _aCRL
_cCRL
_bhin
041 _2hin
_ahin
082 _aO152,2N77,MK, Q4
100 _aइकबाल, मो. आसिफ, ‘वारसी’, ले.
_9624234
245 0 _aमुक्ता की मूक
246 _aMuktā kī mūka
260 _aमुजफ्फरपुर
_bसारस्वत प्रकाशन भारत
_c2014
300 _a71पृ0
_ccm.
650 _aहिन्दी नाटक
942 _hO152,2N77,MK, Q4
_cTEXL
_2cc
999 _c1022818
_d1022818